00464nam a2200169Ia 4500008004100000020001800041082002000059100001900079245002800098260005400126300001200180365002900192366000800221530000900229630002800238730002800266100315s9999 xx 000 0 und d a356-02444-X  b1013 a658.1  a"ADAIR, JOHN " aTRAINING FOR LEADERSHIP aCDONALD AND JANE bMACDONALD AND JANE  c1974  a158P   eAus.Sch. d1 b32.00  f0  b-   aTRAINING FOR LEADERSHIP aTRAINING FOR LEADERSHIP